The Lumineers - Guess the song from the first line - Statistics

General Stats
  • This quiz has been taken 84 times
  • The average score is 5 of 11
Answer Stats
Hint Answer % Correct
Ah, ah, when I was younger, I, I should've known better Ophelia
89%
When you left this town, with your windows down, and the wilderness inside Angela
74%
It's not the words you say, but how you say it Donna
61%
Lovely girl won't you stay, won't you stay, stay with me Big Parade
57%
I stood alone, upon the platform in vain Dead Sea
50%
I can see it in the air, every word was like a smoke from a cigarette BRIGHTSIDE
41%
Every night I saw you there, In your old wicker chair, singing ooh Leader Of The Landslide
39%
Cut off all of your hair, Did you flinch, did you care? Flapper Girl
30%
Held on to hope like a noose, like a rope Long Way From Home
27%
Oh, the devil's inside, You opened the door, You gave him a ride My Eyes
27%
Carbonation in my drink, bubbles rise while my heart sinks Morning Song
14%
No matching quizzes found
Score Distribution
Percent of People with Each Score
Percentile by Number Answered
Your Score History
You have not taken this quiz